| 000 | 00446nam a2200133Ia 4500 | ||
|---|---|---|---|
| 008 | 171212s9999 xx 000 0 und d | ||
| 020 | _a9781846318436 | ||
| 100 | _aO'Meara, Lucy | ||
| 245 |
_cO'Meara, Lucy _aRoland Barthes at the Collège de France |
||
| 260 |
_bLiverpool University Press _c2012 |
||
| 440 | _aContemporary French and Francophone Cultures | ||
| 650 | _aLanguage & Literature | ||
| 856 | _uhttp://www.jstor.org/stable/j.ctt5vjk9q | ||
| 999 |
_c351505 _d351505 |
||